000 00256nam a2200109Ia 4500
008 190216s9999||||xx |||||||||||||| ||und||
100 _aVaikom Muhammad Basheer
245 0 _aAnuragathinde Dinangal
260 _bClassic
650 _aMalayalam
942 _cBK
999 _c25609
_d25609